Manufacturing orders at nine year high (Record no. 117258)

MARC details
000 -LEADER
fixed length control field 01208cam a2200229 4500
001 - CONTROL NUMBER
control field WB4016-06
008 - FIXED-LENGTH DATA ELEMENTS--GENERAL INFORMATION
fixed length control field 040428n2004 000 0 eng u
035 ## - SYSTEM CONTROL NUMBER
System control number (Sirsi) u126036
245 ## - TITLE STATEMENT
Title Manufacturing orders at nine year high
260 ## - PUBLICATION, DISTRIBUTION, ETC.
Date of publication, distribution, etc. 2004
490 ## - SERIES STATEMENT
Series statement CBI News Release
Volume/sequential designation 26 April 2004 (2)
520 ## - SUMMARY, ETC.
Summary, etc. The latest "CBI quarterly industrial trends survey" shows manufacturing recovery gathering momentum over the last three months. The balance of +18% manufacturers confirming total new orders were up is the highest since April 1995 but the growth is from a low base and the level of order books was still below normal. Export orders were well below the +17% growth expected and export deliveries were disappointing. Export orders over the next three months are expected to be higher than over the last three but expected have been sharply scaled back. http://www.cbi.org.uk/ndbs/press.nsf/0363c1f07c6ca 12a8025671c00381cc7/c70760b1f6ecac9480256e78004b32 8f?OpenDocument
590 ## - LOCAL NOTE (RLIN)
Local note WB
590 ## - LOCAL NOTE (RLIN)
Local note WB
600 ## - SUBJECT ADDED ENTRY--PERSONAL NAME
Personal name MANUFACTURING
650 ## - SUBJECT ADDED ENTRY--TOPICAL TERM
Topical term or geographic name entry element CBI SURVEY
650 ## - SUBJECT ADDED ENTRY--TOPICAL TERM
Topical term or geographic name entry element EXPORT ORDERS
650 ## - SUBJECT ADDED ENTRY--TOPICAL TERM
Topical term or geographic name entry element ORDERS
650 ## - SUBJECT ADDED ENTRY--TOPICAL TERM
Topical term or geographic name entry element INDUSTRIAL TRENDS
690 ## - LOCAL SUBJECT ADDED ENTRY--TOPICAL TERM (OCLC, RLIN)
Topical term or geographic name as entry element ECONOMIC ISSUES
942 ## - ADDED ENTRY ELEMENTS (KOHA)
Suppress in OPAC 0
Holdings
Withdrawn status Lost status Source of classification or shelving scheme Damaged status Not for loan Home library Current library Shelving location Date acquired Total Checkouts Full call number Barcode Date last seen Copy number Price effective from Koha item type
    Dewey Decimal Classification     London London News article 28/04/2004   WB4016-06 126036-1001 06/08/2019 1 06/08/2019 News article